[Event "Olympiad-42"]
[Site "Baku"]
[Date "2016.09.13"]
[Round "11.3"]
[White "Su, Haifeng"]
[Black "Joang, Molapo"]
[Result "1-0"]
[WhiteElo "1800"]
[BlackElo "1685"]
[PlyCount "89"]
[EventDate "2016.09.02"]
[EventType "team-swiss"]
[EventRounds "11"]
[EventCountry "AZE"]
[SourceTitle "CBM 175"]
[Source "ChessBase"]
[SourceDate "2016.11.10"]
[SourceVersion "1"]
[SourceVersionDate "2016.11.10"]
[SourceQuality "1"]
[WhiteTeam "Guyana"]
[BlackTeam "Lesotho"]
[WhiteTeamCountry "GUY"]
[BlackTeamCountry "LES"]

1. e4 e6 2. d4 d5 3. Nd2 c5 4. dxc5 Bxc5 5. Nb3 Bb6 6. exd5 exd5 7. Bb5+ Nc6 8. Ne2 Bg4 9. 0-0 Nge7 10. Re1 0-0 11. Bg5 f6 12. Bf4 a6 13. Bxc6 bxc6 14. h3 Bh5 15. c3 c5 16. Qd2 g5 17. Be3 Qd6 18. g4 Bg6 19. Ng3 Rad8 20. Qe2 Ba7 21. Bxc5 Bxc5 22. Nxc5 Qxc5 23. Qxe7 Qb5 24. Qe2 Bd3 25. Qd2 Rd7 26. a4 Qc4 27. b3 Qxb3 28. Qxd3 d4 29. Red1 Rfd8 30. c4 Qb4 31. Nf5 Qc3 32. Qxc3 dxc3 33. Rxd7 Rxd7 34. Rc1 Rc7 35. Rxc3 Rc5 36. Nd6 Kg7 37. Ne4 Rc6 38. c5 Kf7 39. Rb3 Ke6 40. Rb6 Kd5 41. Rxc6 Kxc6 42. f4 gxf4 43. Kf2 Kd5 44. Kf3 h5 45. Kxf4 1-0

[Event "Olympiad-42"]
[Site "Baku"]
[Date "2016.09.12"]
[Round "10.3"]
[White "Maccapani, Massimiliano"]
[Black "Su, Haifeng"]
[Result "1-0"]
[WhiteElo "1971"]
[BlackElo "1800"]
[PlyCount "45"]
[EventDate "2016.09.02"]
[EventType "team-swiss"]
[EventRounds "11"]
[EventCountry "AZE"]
[SourceTitle "CBM 175"]
[Source "ChessBase"]
[SourceDate "2016.11.10"]
[SourceVersion "1"]
[SourceVersionDate "2016.11.10"]
[SourceQuality "1"]
[WhiteTeam "San Marino"]
[BlackTeam "Guyana"]
[WhiteTeamCountry "SMR"]
[BlackTeamCountry "GUY"]

1. d4 g6 2. c4 d6 3. Nc3 Bg7 4. e4 Nf6 5. Be2 0-0 6. Bg5 Nbd7 7. Nf3 c5 8. d5 Re8 9. 0-0 Qa5 10. Nd2 h6 11. Bh4 Ne5 12. h3 Kh7 13. f4 Ned7 14. Qc2 Rf8 15. Rae1 Ng8 16. Bd3 Qd8 17. Nf3 Kh8 18. e5 dxe5 19. fxe5 g5 20. Bg3 b6 21. e6 fxe6 22. dxe6 Ndf6 23. Ne5 1-0

[Event "Olympiad-42"]
[Site "Baku"]
[Date "2016.09.11"]
[Round "9.3"]
[White "Su, Haifeng"]
[Black "Ho, Hou Meng"]
[Result "1/2-1/2"]
[WhiteElo "1800"]
[BlackElo "1908"]
[PlyCount "94"]
[EventDate "2016.09.02"]
[EventType "team-swiss"]
[EventRounds "11"]
[EventCountry "AZE"]
[SourceTitle "CBM 175"]
[Source "ChessBase"]
[SourceDate "2016.11.10"]
[SourceVersion "1"]
[SourceVersionDate "2016.11.10"]
[SourceQuality "1"]
[WhiteTeam "Guyana"]
[BlackTeam "Macau"]
[WhiteTeamCountry "GUY"]
[BlackTeamCountry "MAC"]

1. e4 e6 2. d4 d5 3. Nd2 Nf6 4. e5 Nfd7 5. f4 c5 6. c3 Nc6 7. Ngf3 Qb6 8. Nb3 cxd4 9. Nfxd4 Nxd4 10. cxd4 Nb8 11. Bd3 a5 12. Qc2 Nc6 13. Be3 Nb4 14. Qb1 Nxd3+ 15. Qxd3 Bd7 16. a4 Be7 17. 0-0 0-0 18. Nc5 Rad8 19. b3 Bc8 20. Qc3 Qa7 21. Rf3 b6 22. Nd3 Ba6 23. Rg3 Rc8 24. Qd2 Bxd3 25. Qxd3 g6 26. f5 exf5 27. Bh6 f4 28. Bxf4 Rc6 29. Qf3 Qd7 30. Rf1 f6 31. Bh6 Rf7 32. Qh5 fxe5 33. Rxf7 Kxf7 34. Rf3+ Rf6 35. Qxe5 Qe6 36. Rxf6+ Bxf6 37. Qc7+ Be7 38. Bd2 Qf6 39. Qf4 Bd6 40. Qxf6+ Kxf6 41. g4 h5 42. h3 hxg4 43. hxg4 Ba3 44. Kf2 Bb2 45. Be3 Bc3 46. Ke2 Ke6 47. Kd3 Bb4 1/2-1/2

[Event "Olympiad-42"]
[Site "Baku"]
[Date "2016.09.03"]
[Round "2.4"]
[White "Su, Haifeng"]
[Black "Giron Chavez, David Emanuel"]
[Result "1-0"]
[WhiteElo "1800"]
[BlackElo "2174"]
[PlyCount "83"]
[EventDate "2016.09.02"]
[EventType "team-swiss"]
[EventRounds "11"]
[EventCountry "AZE"]
[SourceTitle "CBM 175"]
[Source "ChessBase"]
[SourceDate "2016.11.10"]
[SourceVersion "1"]
[SourceVersionDate "2016.11.10"]
[SourceQuality "1"]
[WhiteTeam "Guyana"]
[BlackTeam "Guatemala"]
[WhiteTeamCountry "GUY"]
[BlackTeamCountry "GUA"]

1. e4 c5 2. Nf3 d6 3. d4 cxd4 4. Nxd4 Nf6 5. Nc3 a6 6. Be2 e5 7. Nb3 Be7 8. Be3 Nbd7 9. f3 0-0 10. a4 b6 11. 0-0 Bb7 12. Qd2 Rc8 13. Rfd1 Qc7 14. Rac1 Qb8 15. Qe1 Qa8 16. Qf2 d5 17. exd5 Nxd5 18. Nxd5 Bxd5 19. Bxa6 Qxa6 20. Rxd5 Qxa4 21. Rcd1 Rc7 22. Qd2 Nc5 23. Nxc5 Bxc5 24. Bxc5 Rxc5 25. b3 Qc6 26. c4 b5 27. Qb4 Rxd5 28. Rxd5 bxc4 29. bxc4 f6 30. Rd6 Qc7 31. c5 Rc8 32. c6 Qa7+ 33. Kf1 Qa6+ 34. Kf2 h5 35. Qb7 Qa2+ 36. Kg3 Ra8 37. Rd7 h4+ 38. Kh3 Qe6+ 39. g4 Ra3 40. Rxg7+ Kf8 41. Rd7 Rxf3+ 42. Kxh4 1-0

[Event "Olympiad-41"]
[Site "Tromsoe"]
[Date "2014.08.09"]
[Round "7.3"]
[White "Handjaba, Mclean"]
[Black "Su, Haifeng"]
[Result "1-0"]
[WhiteElo "2139"]
[BlackElo "1724"]
[PlyCount "72"]
[EventDate "2014.08.02"]
[EventType "team-swiss"]
[EventRounds "11"]
[EventCountry "NOR"]
[SourceTitle "CBM 162"]
[Source "ChessBase"]
[SourceDate "2014.09.17"]
[SourceVersion "1"]
[SourceVersionDate "2014.09.17"]
[SourceQuality "1"]
[WhiteTeam "Namibia"]
[BlackTeam "Guyana"]
[WhiteTeamCountry "NAM"]
[BlackTeamCountry "GUY"]

1. e4 c6 2. d4 d5 3. Nd2 dxe4 4. Nxe4 Bf5 5. Ng3 Bg6 6. Nf3 Nd7 7. Bd3 Bxd3 8. Qxd3 Ngf6 9. Bd2 e6 10. 0-0 Be7 11. c4 0-0 12. Bc3 Qc7 13. Rac1 Rad8 14. Rfd1 Qb8 15. Qe2 Rfe8 16. Ne5 Nxe5 17. dxe5 Nd7 18. f4 Nf8 19. Qg4 Ng6 20. Ne4 Rxd1+ 21. Rxd1 Rd8 22. Rf1 Rd3 23. f5 Nxe5 24. Qh5 g6 25. fxg6 Nxg6 26. Bf6 Bxf6 27. Nxf6+ Kf8 28. Qxh7 Qd8 29. Nd5 f5 30. Qxg6 cxd5 31. Rxf5+ exf5 32. Qxf5+ Ke7 33. Qxd3 Qb6+ 34. Kf1 dxc4 35. Qxc4 Qf6+ 36. Ke1 Qe5+ 1-0